Business Statistics (Record no. 175512)

MARC details
000 -LEADER
fixed length control field 00795nam a22002297a 4500
005 - DATE AND TIME OF LATEST TRANSACTION
control field 20200908110237.0
010 ## - LCCN (DPL NO)
LC control number ENG-128388
020 ## - INTERNATIONAL STANDARD BOOK NUMBER
Terms of availability 799.00
International Standard Book Number 9789353949457
035 ## - SYSTEM CONTROL NUMBER
System control number EN-111920
037 ## - SOURCE OF ACQUISITION
Source of stock number/acquisition DBAD/PUB
082 ## - DEWEY DECIMAL CLASSIFICATION NUMBER
Classification number 519.5
100 ## - MAIN ENTRY--PERSONAL NAME
Personal name Bajpai, Naval
245 ## - TITLE STATEMENT
Title Business Statistics
Statement of responsibility, etc by Naval Bajpai
250 ## - EDITION STATEMENT
Edition statement 3rd edition
260 ## - PUBLICATION, DISTRIBUTION, ETC. (IMPRINT)
Place of publication, distribution, etc Noida
Name of publisher, distributor, etc Pearson
Date of publication, distribution, etc 2020
270 ## - ADDRESS
Address 15th floor,Tower-B,Word Trade Tower,Plot no.1,Block-C sec 16,
City Noida
Postal code 201301
Telephone number 04466540100
Electronic mail address companysecretary.india@pearson.com
300 ## - PHYSICAL DESCRIPTION
Extent xxxii; 884p.
Dimensions 25cm(pbk)
Other physical details illustrations, tables and graphs
600 ## - SUBJECT ADDED ENTRY--PERSONAL NAME
Dates associated with a name Senior editor- Varun Goenka
600 ## - SUBJECT ADDED ENTRY--PERSONAL NAME
Dates associated with a name Editor Development- Jigyasa Bhatia
600 ## - SUBJECT ADDED ENTRY--PERSONAL NAME
Dates associated with a name SEnioe Editor Production- G. Sharmilee
942 ## - ADDED ENTRY ELEMENTS (KOHA)
Source of classification or shelving scheme Dewey Decimal Classification
Item type English Books
Classification part 519.5
Call number suffix BAJ
Holdings
Withdrawn status Lost status Not for loan Collection code Home library Current library Date acquired Source of acquisition Cost, normal purchase price Full call number Barcode Cost, replacement price Koha item type
      Non-fiction Andrews Gunj Andrews Gunj 08/09/2020 DBAD 799.00 519.5 BAJ EN-111920 799.00 English Books

© Delhi Public Library
Hit Counter
free hit counter